|
|
|
|
| LEADER |
00784pmm a22002298a 4500 |
| 001 |
00044146 |
| 005 |
20210310100341.0 |
| 008 |
111222s2007 ||||||engsd |
| 020 |
# |
# |
|c 0
|
| 041 |
0 |
# |
|a eng
|
| 082 |
1 |
4 |
|a 428
|b T512I
|
| 100 |
1 |
# |
|a Richards, Jack C.
|
| 245 |
1 |
0 |
|b Learing English through listening : student book
|c Jack C. Richards, Kerry O'Sullivan
|a Tune in 1
|h Nguồn liệu điện tử
|
| 260 |
# |
# |
|a Oxford
|b Oxford Univ. Press
|c 2007
|
| 300 |
# |
# |
|e sách
|a 1 CD
|c 43/4 inch
|b ill.
|
| 650 |
# |
4 |
|a English language
|x Nghe
|
| 653 |
# |
# |
|a Anh ngữ thực hành
|
| 653 |
# |
# |
|a Kỹ năng nghe
|
| 653 |
# |
# |
|a Tiếng anh
|
| 700 |
1 |
# |
|a O'Sullivan, Kerry
|
| 852 |
# |
# |
|j DPT.0004207
|
| 980 |
# |
# |
|a Trung tâm Học liệu Lê Vũ Hùng, Trường Đại học Đồng Tháp
|